|
|
|
|
| LEADER |
01989nam a2200469 i 4500 |
| 001 |
EBC4866041 |
| 003 |
MiAaPQ |
| 005 |
20200520144314.0 |
| 006 |
m o d | |
| 007 |
cr cnu|||||||| |
| 008 |
170717t20152015xr ob 001 0 cze d |
| 020 |
|
|
|z 9788073085711
|
| 020 |
|
|
|a 9788073086350
|q (electronic bk.)
|
| 035 |
|
|
|a (MiAaPQ)EBC4866041
|
| 035 |
|
|
|a (Au-PeEL)EBL4866041
|
| 035 |
|
|
|a (CaPaEBR)ebr11401144
|
| 035 |
|
|
|a (OCoLC)928714029
|
| 040 |
|
|
|a MiAaPQ
|b eng
|e rda
|e pn
|c MiAaPQ
|d MiAaPQ
|
| 050 |
|
4 |
|a HC79.E5
|b .E366 2015
|
| 082 |
0 |
|
|a 333.7
|2 23
|
| 245 |
0 |
0 |
|a Ekonomika v souvislostech /
|c Jan Vavra, Miloslav Lapka, Eva Cudlinova (eds.).
|
| 264 |
|
1 |
|a Praha, [Czech Republic] :
|b Filozoficka fakulta Univerzity Karlovy,
|c 2015.
|
| 264 |
|
4 |
|c 2015
|
| 300 |
|
|
|a 1 online resource (174 pages).
|
| 336 |
|
|
|a text
|2 rdacontent
|
| 337 |
|
|
|a computer
|2 rdamedia
|
| 338 |
|
|
|a online resource
|2 rdacarrier
|
| 490 |
1 |
|
|a Varia
|
| 504 |
|
|
|a Includes bibliographical references at the end of each chapters and index.
|
| 588 |
|
|
|a Description based on online resource; title from PDF title page (ebrary, viewed July 17, 2017).
|
| 590 |
|
|
|a Electronic reproduction. Ann Arbor, MI : ProQuest, 2016. Available via World Wide Web. Access may be limited to ProQuest affiliated libraries.
|
| 650 |
|
0 |
|a Environmental economics.
|
| 650 |
|
0 |
|a Economic development.
|
| 650 |
|
0 |
|a Economics
|x Moral and ethical aspects.
|
| 655 |
|
4 |
|a Electronic books.
|
| 700 |
1 |
|
|a Vavra, Jan,
|e editor.
|
| 700 |
1 |
|
|a Lapka, Miloslav,
|e editor.
|
| 700 |
1 |
|
|a Cudlinova, Eva,
|e editor.
|
| 776 |
0 |
8 |
|i Print version:
|t Ekonomika v souvislostech.
|d Praha, [Czech Republic] : Filozoficka fakulta Univerzity Karlovy, c2015
|h 170 pages
|k Varia (Univerzita Karlova. Filozoficka fakulta)
|z 9788073085711
|
| 797 |
2 |
|
|a ProQuest (Firm)
|
| 830 |
|
0 |
|a Varia (Univerzita Karlova. Filozoficka fakulta)
|
| 856 |
4 |
0 |
|u https://ebookcentral.proquest.com/lib/matrademy/detail.action?docID=4866041
|z Click to View
|